000 00575nam a2200217Ia 4500
003 OSt
005 20220928144841.0
006 a|||||r|||| 00| 0
007 ta
008 220927b |||||||| |||| 00| 0 eng d
024 _a76404
037 _cTextual
040 _aSDCL
_cSDCL
_beng
041 _2eng
_aeng
082 _aV53,1y7M90, L1
100 _aDe Gaulle Charles
_9509947
245 0 _aMemoirs of hope
_b Renewal 1958-62, endeavour 1962.
260 _c1971
942 _hV53,1y7M90, L1
_cTEXL
_2CC
999 _c829947
_d829947